ARRUPE JESUIT UNIVERSITY

CORONAVIRUS -STOP THE SPREAD - CLEAN,DISINFECT,COVER
Normal view MARC view

Entry Meeting Name

Number of records used in: 1

001 - CONTROL NUMBER

  • control field: 44057

003 - CONTROL NUMBER IDENTIFIER

  • control field: ARRUPE

005 - DATE AND TIME OF LATEST TRANSACTION

  • control field: 20190121135407.0

008 - FIXED-LENGTH DATA ELEMENTS

  • fixed length control field: 190121|| aca||aabn | a|a d

040 ## - CATALOGING SOURCE

  • Original cataloging agency: ARRUPE
  • Transcribing agency: ARRUPE

111 ## - HEADING--MEETING NAME

  • Meeting name or jurisdiction name as entry element: Pan-African Congress on Prehistory
  • Number of part/section/meeting: (3rd :
  • Date of meeting: 1955 :
  • Location of meeting: Livingstone, Northern Rhodesia)

670 ## - SOURCE DATA FOUND

  • Source citation: Work cat.: (ARRUPE)0: Pan-African Congress on Prehistory (3rd : 1955 : Livingstone, Northern Rhodesia), Third Pan-African Congress on Prehistory, Livingstone, 1955 /, 1957.

 

Arrupe Library. PO Box MP320 Mt Pleasant, Harare, Zimbabwe
263 242 745411|librarian@aju.ac.zw